000 00789nam a2200229Ia 4500
003 GCL
008 140319s9999 xx 000 0 ara d
040 _aGCL /
_cGCL
082 0 4 _a324.532
_bر ب
100 1 _aرشاد محمد العليمى
245 1 0 _aالبرامج الانتخابية للاحزاب والتنظيمات السياسية فى الجمهورية اليمنية - دراسة مقارنة /
_cرشاد محمد العليمى
700 1 _aاحمد على البشارى
260 _a[S.N] :
_bمجلة الثوابت ،
_c1993
300 _a197 ص
490 _a
650 0 4 _aالعصر الحديث
650 0 4 _aتاريخ
650 0 4 _aاليمن
650 0 4 _aالانتخابات
650 0 4 _aالاحزاب السياسية
942 _2ddc
_cBK
999 _c30547
_d30547